| 000 | 00824nam a2200229 i 4500 | ||
|---|---|---|---|
| 001 | 143761 | ||
| 003 | ES-MaACL | ||
| 005 | 20240509155845.0 | ||
| 007 | t| | ||
| 008 | 070214s1954 sp r ||||1| spa d | ||
| 100 | 1 |
_aSevilla Andrés, Diego. _9105934 |
|
| 245 | 1 | 0 |
_aAntonio Maura _b: la revolución desde arriba / _cDiego Sevilla Andrés ; prólogo de Melchor Fernández Almagro. |
| 250 | _a1ª ed. | ||
| 260 |
_aBarcelona : _bAedos, _c1954 ( _fSimpar) |
||
| 300 |
_a503 p., XIX lám. : _bil = retr. biogr. ; _c22 cm. |
||
| 490 | 1 |
_aBiblioteca Biográfica ; _v5 |
|
| 600 | 1 | 4 |
_aMaura y Montaner, Antonio, _d1853-1925 _979224 |
| 700 | 1 |
_aFernández Almagro, Melchor, _d1893-1966 _949447 |
|
| 830 | 0 |
_aBiblioteca Biográfica ; _v5 _9181197 |
|
| 852 |
_aES-MaACL _jC-9095 _bR.36488 |
||
| 999 |
_c143761 _d143761 |
||